| 000 | 00772nas a2200265 4500 | ||
|---|---|---|---|
| 001 | BR0705888 | ||
| 003 | BR-BrBNA | ||
| 005 | 20231205111208.0 | ||
| 007 | ta | ||
| 008 | 230509b bl.|||p| |||| 00| 00por d | ||
| 040 |
_aBR-BrBNA _bpor _cBiblioteca Nacional de Agricultura |
||
| 041 | _a(Pt) | ||
| 072 | _aH20 | ||
| 100 | 1 | _aOliveira, C.A.L. | |
| 245 | 1 | _aCercas vivas, quebra-ventos e plantas daninhas no manejo da leprose | |
| 650 | _aFRUTO CÍTRICO | ||
| 650 | _aLEPROSE | ||
| 650 | _aMANEJO | ||
| 650 | _aPLANTA PARA CERCA VIVA | ||
| 650 | _aQUEBRA-VENTO | ||
| 650 | _aERVA DANINHA | ||
| 773 | 0 |
_tVisão Agrícola (Brazil) _xISSN 1806-6402 _g(Jul-Dec 2004), v. 1(2) p. 30-31 _wBR0705888 |
|
| 909 |
_a202311 _bLúcia _c55 _dLúcia Elande |
||
| 942 |
_2AGRIS _n0 _cANA |
||
| 999 |
_c191266 _d191266 |
||